| 000 | 00954nam a2200229 i 4500 | ||
|---|---|---|---|
| 001 | 189914 | ||
| 003 | SpMaBN | ||
| 005 | 20230906223604.0 | ||
| 008 | 191226s1993 ck |||| | spa d | ||
| 080 | _a860(861).09"18" | ||
| 100 | 1 |
_aAcosta Peñaloza, Carmen Elisa. _9169262 |
|
| 245 | 1 | 0 |
_aInvocación del lector bogotano de finales del siglo XIX _b: lectura de "Reminiscencias de Santafé y Bogotá" de José María Cordovez Moure / _cCarmen Elisa Acosta Peñaloza. |
| 260 |
_aSantafé de Bogotá : _bInstituto Caro y Cuervo, _c1993. |
||
| 300 |
_a105 p. ; _c25 cm. |
||
| 490 | 1 |
_aCuadernos del Seminario Andrés Bello ; _v6 |
|
| 600 | 1 | 4 |
_aCordovez Moure, José María. _940571 |
| 650 | 7 |
_aLiteratura colombiana- _xHistoria y crítica. _914527 |
|
| 710 | 2 |
_aInstituto Caro y Cuervo. _94806 |
|
| 830 | 0 |
_aCuadernos del Seminario Andrés Bello ; _v6 _9193462 |
|
| 852 |
_aES-MaACL _jL-32497 _z. - Donat. Viuda Antonio Tovar |
||
| 999 |
_c189914 _d189914 |
||